| 000 | 01460nam a22003257i 4500 | ||
|---|---|---|---|
| 999 |
_c23036 _d23036 |
||
| 003 | AR-CdUCM | ||
| 008 | 240912b20122012 pea|||| |||| 00| 0 spa d | ||
| 020 | _a978-612-4168-27-7 | ||
| 040 |
_aMUNICIPALIDAD PROVINCIAL DEL CUSCO _cBIBLIOTECA MUNICIPAL DEL CUSCO |
||
| 041 | _hspa | ||
| 082 |
_a631.3 / R24 _bR24 |
||
| 100 |
_aRamos Alata, Dawes _950348 |
||
| 245 | _aMaquinaria y Mecanización Agrícola I / | ||
| 260 |
_aPuno-Perú : _bUniversidad Nacional del Altiplano _c2012 |
||
| 300 |
_a279 páginas. : _c21 cm. |
||
| 500 | _zBibliografía: Página 279 | ||
| 505 | _aImportancia de la Mecanización Agrícola -- Funciones y tareas de la Mecanización Agrícola -- Tareas y objetivos de la mecanización Agrícola -- Efectos de la Mecanización Agrícola -- Evolución de la historia de la mecanización -- Datos históricos de la evolución -- Importancia social de la mecanización -- Niveles tecnológicos | ||
| 650 |
_aMecanización Agrícola _950349 |
||
| 650 |
_aImportancia de la Mecanización _950350 |
||
| 650 |
_aTipos de sistemas de lubricación _950351 |
||
| 650 |
_aMaquinaria Agrícola _950352 |
||
| 650 |
_aMateriales y elementos en la mecanización agrícola _950353 |
||
| 650 |
_aNiveles Tecnológicos _950354 |
||
| 650 |
_aTracción motriz _950355 |
||
| 650 |
_aSistema de motores _950356 |
||
| 700 |
_aMayta Quispe, Julio _950357 |
||
| 856 | _fcorpanorsac@hotmail.com | ||
| 942 |
_2ddc _cLIBROS |
||
| 945 |
_apbj _d2024/09/12 |
||